000 00503nmm a2200169Ia 4500
008 251105s9999||||xx |||||||||||||||||und||
020 _a9788477377269
041 _aspa
100 _aAyala Martínez, Carlos de
245 0 _aFernando III, tiempo de cruzada
264 _a[Madrid, España] :
_bSílex Ediciones,
_c2012
300 _a507 páginas
490 _aSerie Historia Medieval
650 _aHistory of Europe: Spain
856 _uhttps://public.digitaliapublishing.com/a/18981
942 _cCF
999 _c85443
_d85443